| 000 | 01135cad a22002535a 4500 | ||
|---|---|---|---|
| 001 | L160105 | ||
| 008 | 100611s2009 xxk f 000 0 eng d | ||
| 035 | _a(Sirsi) u160105 | ||
| 041 | 0 | _aeng | |
| 110 | 2 | _aFederation International Des Geometres | |
| 111 | 2 |
_aFIG Regional Conference _bHanoi, Vietnam _d19-22 October 2009 |
|
| 245 | 0 | 0 |
_aResponsible Governance of Tenure and the FAO Voluntary Guidelines _h[electronic resource] |
| 260 |
_aHanoi _bFIG _c2009 |
||
| 520 | _aPromotes responsible governance of tenure, particularly for the benefit of the poor and vulnerable, as a key factor in eradicating poverty & hunger, and in promoting economic growth, social development and environmental protection and sustainability. | ||
| 521 | _aAdvanced | ||
| 590 | _aKA | ||
| 650 | 2 | 4 | _aLAND TENURE |
| 650 | 2 | 4 | _aLAND ADMINISTRATION |
| 651 | 4 | _aInternational | |
| 690 |
_aLand use _96251 |
||
| 700 | 1 | _aMunro-Faure, P. | |
| 856 | 4 | 0 |
_uhttps://www.rics.org/Global/Downloads/Responsible_Governance_of_Tenure_and_the_FAO_Voluntary_Guidelines_munrofaure_ppt_3787.pdf _zView the presentation free of charge at www.rics.org |
| 942 | _n0 | ||
| 999 |
_c116220 _d116220 |
||